Devine le joueur de football selon ses clubs #5 - Statistiques

Statistiques générales
  • Ce quiz a été pris 490 fois
  • Le résultat moyen est 3 sur 6
Statistiques - réponses
1er club 2ème club 3ème club 4ème club 5ème club 6ème club Joueurs % Correct
Sporting CP Manchester United Real Madrid Juventus FC Manchester United Al-Nassr Ronaldo
100%
FC Metz Salzbourg Southampton Liverpool Bayern Al-Nassr FC Mané
84%
Deportivo Saprissa Albacete Balompié Levante UD Real Madrid PSG Nottingham Forest Navas
54%
Brommapojkarna Brighton & Hove Albion FC St. Pauli Swansea City Coventry City Sporting CP Gyokeres
40%
Athletic Bilbao SD Ponferradina Real Valladolid Chelsea FC Real Madrid AFC Bournemouth Kepa
30%
FC Porto AC Milan Séville FC Francfort RB Leipzig Real Sociedad André Silva
17%
Aucun quiz correspondant
Distribution des résultats
% des personnes avec chaque résultat
Percentile par nombre de réponses
Votre historique - résultats
Vous n’avez pas pris ce quiz